000 00465nam a22001577a 4500
999 _c527251
_d527251
020 _a978930146545
082 _a624.1762
_bVAS
100 _aVasam, Er. Srinivas
245 _aStructural dynamics and earthquake engineering /
_cEr. Srinivas Vasam
260 _aSahibabad :
_bAl aziz books,
_c2019.
300 _a612 p. ;
942 _2ddc
_cBK
650 _aCivil - Engineering
_9809